| 000 | 00990nam a2200217 i 4500 | ||
|---|---|---|---|
| 001 | 192592 | ||
| 003 | ES-MaACL | ||
| 005 | 20251003180254.0 | ||
| 008 | 230206s1862 sp 000 0 spa d | ||
| 080 | _a912:332.2 | ||
| 110 | 2 |
_aJunta General de Estadística (España) _9134590 |
|
| 245 | 1 | 0 |
_aProyecto de reglamento general para la formación de planos parcelarios ; _bProyecto de bases para la formación de planos parcelarios por subasta / _caprobado por la Junta General de Estadística ; el vicepresidente de la Junta, Alejandro Oliván, el vocal secretario, José Emilio de Santos. |
| 246 | 3 | _aProyecto de bases para la formación de planos parcelarios por subasta | |
| 260 |
_aMadrid : _b[s.n.], _c1862. |
||
| 300 |
_a[22] p. ; _c31 cm. |
||
| 650 | 4 |
_aMapas catastrales. _9176378 |
|
| 700 | 1 |
_aOliván, Alejandro, _d1796-1878 _9130637 |
|
| 700 | 1 |
_aSantos, José Emilio de. _9132454 |
|
| 852 | 4 |
_aES-MaACL _jT-136-F-5 _z- Enc. en un vol. facticio |
|
| 999 |
_c192592 _d192592 |
||